000 00756nam a2200229 i 4500
001 000020732
003 DO-SdBNP
005 20250203093855.0
007 ta
008 100813s2015 dr r 000 0 spa d
020 _a9789945589948
040 _aDO-SdBNP
_bspa
_cBNPHU
_erda
082 4 _222
100 1 _aMerejo, Andrés
_9469
245 1 3 _aEl cibermundo global en la República Dominicana /
_cAndrés Merejo.
264 _aSanto Domingo :
_bSantuario,
_c2015.
300 _a45 páginas ;
_c24 cm.
500 _aIncluye datos biográficos del autor en la solapa de la cubierta
500 _aConferencia e ingreso como miembro de número de la Academia de Ciencias de República Dominica
504 _aBibliografía : p. 43-45
942 _2ddc
_cLBS1
999 _c20236
_d20236